<?xml version="1.0" encoding="UTF-8"?><?xml-stylesheet type="text/xsl" href="static/style.xsl"?><OAI-PMH xmlns="http://www.openarchives.org/OAI/2.0/" xmlns:xsi="http://www.w3.org/2001/XMLSchema-instance" xsi:schemaLocation="http://www.openarchives.org/OAI/2.0/ http://www.openarchives.org/OAI/2.0/OAI-PMH.xsd"><responseDate>2026-04-14T06:45:28Z</responseDate><request verb="GetRecord" identifier="oai:www.recercat.cat:20.500.14342/3708" metadataPrefix="marc">https://recercat.cat/oai/request</request><GetRecord><record><header><identifier>oai:recercat.cat:20.500.14342/3708</identifier><datestamp>2025-05-25T23:45:04Z</datestamp><setSpec>com_2072_482405</setSpec><setSpec>com_2072_183628</setSpec><setSpec>col_2072_482411</setSpec></header><metadata><record xmlns="http://www.loc.gov/MARC21/slim" xmlns:dcterms="http://purl.org/dc/terms/" xmlns:xsi="http://www.w3.org/2001/XMLSchema-instance" xmlns:doc="http://www.lyncode.com/xoai" xsi:schemaLocation="http://www.loc.gov/MARC21/slim http://www.loc.gov/standards/marcxml/schema/MARC21slim.xsd">
   <leader>00925njm 22002777a 4500</leader>
   <datafield ind2=" " ind1=" " tag="042">
      <subfield code="a">dc</subfield>
   </datafield>
   <datafield ind2=" " ind1=" " tag="720">
      <subfield code="a">Fort-Vanmeerhaeghe, Azahara</subfield>
      <subfield code="e">author</subfield>
   </datafield>
   <datafield ind2=" " ind1=" " tag="720">
      <subfield code="a">Bishop, Chris</subfield>
      <subfield code="e">author</subfield>
   </datafield>
   <datafield ind2=" " ind1=" " tag="720">
      <subfield code="a">Montalvo, Alicia M.</subfield>
      <subfield code="e">author</subfield>
   </datafield>
   <datafield ind2=" " ind1=" " tag="720">
      <subfield code="a">Buscà, Bernat</subfield>
      <subfield code="e">author</subfield>
   </datafield>
   <datafield ind2=" " ind1=" " tag="720">
      <subfield code="a">Arboix-Alió, Jordi</subfield>
      <subfield code="e">author</subfield>
   </datafield>
   <datafield ind2=" " ind1=" " tag="260">
      <subfield code="c">2023</subfield>
   </datafield>
   <datafield ind2=" " ind1=" " tag="520">
      <subfield code="a">The objective of the present study was to examine the effect of acute neuromuscular fatigue on unilateral jump&#xd;
performance and inter-limb asymmetries. Thirty elite youth female team sport athletes (age: U-14 to U-18) performed the&#xd;
Unilateral Countermovement Jump (UCJ) and the Unilateral Drop Jump (UDJ) (18-cm box) tests before and&#xd;
approximately 10 minutes after the 30-15 intermittent fitness test (30-15 IFT). A paired samples t-test showed significant&#xd;
reductions in UCJ jump height in the right leg after the 30-15 IFT (p = 0.018; d = 0.33), but not in the left leg (p = 0.459;&#xd;
d = 0.48). For the UDJ, significant reductions in jump height were shown in both the right (p &lt; 0.001; d = 0.33) and left&#xd;
(p &lt; 0.001; d = 0.33) legs. In addition, for the reactive strength index (UDJ), significant reductions were seen in the left&#xd;
leg after the 30-15 IFT (p &lt; 0.001; d = 0.31), but not in the right leg (p = 0.948; d &lt; 0.001). Only UCJ inter-limb jump&#xd;
height asymmetries increased significantly post 30-15 IFT (p = 0.033; d = 0.46). In conclusion, the current study indicates&#xd;
that the 30-15 IFT provides a sufficient dose of activity for inducing acute fatigue in elite youth female team sport athletes.&#xd;
Therefore, monitoring jump height in unilateral jump testing is recommended given the tests’ sensitivity to detect&#xd;
significant differences in physical performance and inter-limb asymmetries under acutely fatigued conditions in healthy&#xd;
youth female athletes.</subfield>
   </datafield>
   <datafield ind1="8" ind2=" " tag="024">
      <subfield code="a">http://hdl.handle.net/20.500.14342/3708</subfield>
   </datafield>
   <datafield ind1="8" ind2=" " tag="024">
      <subfield code="a">https://doi.org/10.5114/jhk/174073</subfield>
   </datafield>
   <datafield tag="653" ind2=" " ind1=" ">
      <subfield code="a">Fatiga</subfield>
   </datafield>
   <datafield tag="653" ind2=" " ind1=" ">
      <subfield code="a">Músculs</subfield>
   </datafield>
   <datafield tag="653" ind2=" " ind1=" ">
      <subfield code="a">Simetria</subfield>
   </datafield>
   <datafield tag="653" ind2=" " ind1=" ">
      <subfield code="a">Dones esportistes</subfield>
   </datafield>
   <datafield ind2="0" ind1="0" tag="245">
      <subfield code="a">Effects of Exercise-Induced Neuromuscular Fatigue on Jump Performance and Lower-Limb Asymmetries in Youth Female Team Sport Athletes</subfield>
   </datafield>
</record></metadata></record></GetRecord></OAI-PMH>